El impacto filosófico de la física contemporánea
Guardat en:
| Autor principal: | |
|---|---|
| Format: | Llibre |
| Idioma: | espanyol |
| Publicat: |
Madrid
Tecnos
1965
|
| Col·lecció: | Estructura y Función, 16
|
| Matèries: | |
| Etiquetes: |
Afegir etiqueta
Sense etiquetes, Sigues el primer a etiquetar aquest registre!
|
MARC
| LEADER | 00000nam a2200000 a 4500 | ||
|---|---|---|---|
| 001 | UCZ5714 | ||
| 003 | CL-VaPUC | ||
| 008 | 951124e19650000SP |||||||||||||||||spa|d | ||
| 082 | 0 | 4 | |a 530.01 |b CAP |2 21 |
| 100 | 0 | |a Capek, Milic |e author |9 349875 | |
| 245 | 1 | 3 | |a El impacto filosófico de la física contemporánea |
| 300 | |a 411 p | ||
| 942 | |c BK | ||
| 945 | |d 19951124 00:00:00 |a cmena | ||
| 260 | |a Madrid |b Tecnos |c 1965 | ||
| 650 | 0 | |a Física |9 227844 | |
| 650 | 0 | |a Filosofía de las ciencias |9 256466 | |
| 650 | 0 | |a Ciencia |9 255691 | |
| 650 | 0 | |a Espacio |9 336785 | |
| 650 | 0 | |a Tiempo |9 267892 | |
| 583 | |a last modification |c 19951124 00:00:00 |k Rodrigo Vera | ||
| 490 | 0 | |a Estructura y Función, 16 | |
| 999 | |c 242004 |d 242002 | ||
| 952 | |0 0 |1 0 |4 0 |6 530_010000000000000_CAP_1965 |7 0 |8 P |9 254665 |a BIBEDU |b BIBEDU |c BIBEDU_PB |d 2019-11-19 |i 1576372 |o 530.01 CAP 1965 |p 1576372 |r 2024-01-25 |w 2019-11-19 |y BK |k FIL | ||